[Event "Landsturneringen 2022"]
[Site "Kongsvingerhallen"]
[Date "2022.07.08"]
[Round "1"]
[White "Mitusov, Semen"]
[Black "Unneland, Mathias"]
[Result "0-1"]
[WhiteElo "2378"]
[BlackElo "2251"]
1. e4 {[%clk 01:30:52]} {[%emt 00:00:07]} c5 {[%clk 01:30:29]} {[%emt
00:00:32]} 2. Nf3 {[%clk 01:30:54]} {[%emt 00:00:28]} d6 {[%clk 01:30:36]}
{[%emt 00:00:23]} 3. d4 {[%clk 01:27:43]} {[%emt 00:03:41]} cxd4 {[%clk
01:30:45]} {[%emt 00:00:22]} 4. Nxd4 {[%clk 01:28:07]} {[%emt 00:00:05]} Nf6
{[%clk 01:30:53]} {[%emt 00:00:21]} 5. Nc3 {[%clk 01:28:31]} {[%emt 00:00:06]}
a6 {[%clk 01:30:46]} {[%emt 00:00:38]} 6. Be2 {[%clk 01:24:30]} {[%emt
00:04:31]} e5 {[%clk 01:29:15]} {[%emt 00:02:01]} 7. Nb3 {[%clk 01:24:32]}
{[%emt 00:00:29]} Be7 {[%clk 01:28:14]} {[%emt 00:01:30]} 8. O-O {[%clk
01:24:33]} {[%emt 00:00:29]} O-O {[%clk 01:28:09]} {[%emt 00:00:35]} 9. Be3
{[%clk 01:23:59]} {[%emt 00:01:04]} Be6 {[%clk 01:24:51]} {[%emt 00:03:47]} 10.
Qd2 {[%clk 01:21:44]} {[%emt 00:02:46]} b5 {[%clk 01:22:23]} {[%emt 00:02:58]}
11. a4 {[%clk 01:19:25]} {[%emt 00:02:49]} b4 {[%clk 01:20:03]} {[%emt
00:02:50]} 12. Nd5 {[%clk 01:19:44]} {[%emt 00:00:11]} Nxe4 {[%clk 01:18:11]}
{[%emt 00:02:21]} 13. Nxe7+ {[%clk 01:20:04]} {[%emt 00:00:10]} Qxe7 {[%clk
01:18:33]} {[%emt 00:00:09]} 14. Qxb4 {[%clk 01:20:27]} {[%emt 00:00:06]} Nf6
{[%clk 00:57:53]} {[%emt 00:21:10]} 15. Bg5 {[%clk 01:14:02]} {[%emt 00:06:55]}
Nc6 {[%clk 00:44:37]} {[%emt 00:13:46]} 16. Bxf6 {[%clk 01:04:55]} {[%emt
00:09:37]} gxf6 {[%clk 00:44:06]} {[%emt 00:01:02]} 17. Qb6 {[%clk 00:58:51]}
{[%emt 00:06:33]} Qd7 {[%clk 00:42:55]} {[%emt 00:01:40]} 18. Bf3 {[%clk
00:55:04]} {[%emt 00:04:17]} Rfc8 {[%clk 00:41:39]} {[%emt 00:01:46]} 19. Rad1
{[%clk 00:42:38]} {[%emt 00:12:56]} Rab8 {[%clk 00:40:36]} {[%emt 00:01:33]} 20.
Qxa6 {[%clk 00:41:43]} {[%emt 00:01:25]} Nb4 {[%clk 00:39:55]} {[%emt
00:01:11]} 21. Qxd6 {[%clk 00:40:07]} {[%emt 00:02:06]} Qxd6 {[%clk 00:39:55]}
{[%emt 00:00:30]} 22. Rxd6 {[%clk 00:40:31]} {[%emt 00:00:07]} Rxc2 {[%clk
00:34:32]} {[%emt 00:05:53]} 23. Na5 {[%clk 00:33:05]} {[%emt 00:07:56]} Rxb2
{[%clk 00:33:39]} {[%emt 00:01:23]} 24. Nb7 {[%clk 00:30:43]} {[%emt 00:02:52]}
Nc2 {[%clk 00:23:27]} {[%emt 00:10:42]} 25. Nc5 {[%clk 00:20:33]} {[%emt
00:10:40]} Nd4 {[%clk 00:21:28]} {[%emt 00:02:28]} 26. Be4 {[%clk 00:19:35]}
{[%emt 00:01:28]} Bc4 {[%clk 00:19:13]} {[%emt 00:02:45]} 27. Re1 {[%clk
00:17:08]} {[%emt 00:02:57]} f5 {[%clk 00:15:16]} {[%emt 00:04:27]} 28. Bd3
{[%clk 00:15:35]} {[%emt 00:02:02]} Bxd3 {[%clk 00:15:00]} {[%emt 00:00:47]} 29.
Nxd3 {[%clk 00:16:01]} {[%emt 00:00:04]} Rd2 {[%clk 00:15:02]} {[%emt
00:00:28]} 30. Nxe5 {[%clk 00:14:55]} {[%emt 00:01:37]} Ne2+ {[%clk 00:14:40]}
{[%emt 00:00:52]} 31. Kf1 {[%clk 00:15:16]} {[%emt 00:00:08]} Rxd6 {[%clk
00:15:00]} {[%emt 00:00:11]} 32. Kxe2 {[%clk 00:15:17]} {[%emt 00:00:29]} Re8
{[%clk 00:10:50]} {[%emt 00:04:39]} 33. Kf1 {[%clk 00:15:03]} {[%emt 00:00:45]}
Ra6 {[%clk 00:09:33]} {[%emt 00:01:46]} 34. Nd3 {[%clk 00:13:30]} {[%emt
00:02:03]} Rxe1+ {[%clk 00:09:10]} {[%emt 00:00:53]} 35. Kxe1 {[%clk 00:13:53]}
{[%emt 00:00:06]} Rxa4 {[%clk 00:09:34]} {[%emt 00:00:06]} 36. g3 {[%clk
00:14:06]} {[%emt 00:00:17]} Ra2 {[%clk 00:09:15]} {[%emt 00:00:50]} 37. Kf1
{[%clk 00:14:22]} {[%emt 00:00:14]} Kg7 {[%clk 00:09:08]} {[%emt 00:00:36]} 38.
Kg2 {[%clk 00:14:45]} {[%emt 00:00:07]} Ra3 {[%clk 00:09:00]} {[%emt 00:00:39]}
39. Nf4 {[%clk 00:14:49]} {[%emt 00:00:25]} Kf6 {[%clk 00:09:04]} {[%emt
00:00:27]} 40. Nh5+ {[%clk 00:13:43]} {[%emt 00:01:36]} Ke5 {[%clk 00:09:17]}
{[%emt 00:00:16]} 41. h4 {[%clk 00:13:33]} {[%emt 00:00:41]} h6 {[%clk
00:08:20]} {[%emt 00:01:26]} 42. Nf4 {[%clk 00:12:32]} {[%emt 00:01:31]} Ke4
{[%clk 00:07:43]} {[%emt 00:01:07]} 43. Nh5 {[%clk 00:12:31]} {[%emt 00:00:31]}
Ke5 {[%clk 00:06:57]} {[%emt 00:01:16]} 44. Nf4 {[%clk 00:12:47]} {[%emt
00:00:15]} Ra4 {[%clk 00:06:41]} {[%emt 00:00:46]} 45. Nd3+ {[%clk 00:26:00]}
{[%emt 00:17:17]} Kd4 {[%clk 00:34:54]} {[%emt 00:02:15]} 46. Nf4 {[%clk
00:25:52]} {[%emt 00:00:40]} Ke5 {[%clk 00:33:31]} {[%emt 00:01:52]} 47. Nd3+
{[%clk 00:26:09]} {[%emt 00:00:13]} Kd5 {[%clk 00:33:39]} {[%emt 00:00:22]} 48.
Kf1 {[%clk 00:23:21]} {[%emt 00:03:20]} f4 {[%clk 00:31:05]} {[%emt 00:03:03]}
49. Kg2 {[%clk 00:22:30]} {[%emt 00:01:20]} Rd4 {[%clk 00:30:32]} {[%emt
00:01:03]} 50. Ne1 {[%clk 00:12:47]} {[%emt 00:10:13]} Ke4 {[%clk 00:28:29]}
{[%emt 00:02:32]} 51. g4 {[%clk 00:09:20]} {[%emt 00:03:58]} Rd1 {[%clk
00:24:06]} {[%emt 00:04:52]} 52. Nf3 {[%clk 00:09:41]} {[%emt 00:00:09]} Rd3
{[%clk 00:24:07]} {[%emt 00:00:29]} 53. Ng1 {[%clk 00:09:40]} {[%emt 00:00:31]}
f6 {[%clk 00:23:37]} {[%emt 00:01:01]} 54. Kh2 {[%clk 00:08:22]} {[%emt
00:01:48]} Rd1 {[%clk 00:23:04]} {[%emt 00:01:02]} 55. Kg2 {[%clk 00:08:18]}
{[%emt 00:00:35]} Rxg1+ {[%clk 00:22:59]} {[%emt 00:00:35]} 56. Kxg1 {[%clk
00:08:44]} {[%emt 00:00:04]}
0-1

[Event "Landsturneringen 2022"]
[Site "Kongsvingerhallen"]
[Date "2022.07.08"]
[Round "1"]
[White "Sousa, Ludy Helsio Paulo"]
[Black "Moen, Andreas G.R."]
[Result "0-1"]
[WhiteElo "2225"]
[BlackElo "2311"]
1. e4 {[%clk 01:30:51]} {[%emt 00:00:07]} e5 {[%clk 01:30:00]} {[%emt
00:01:00]} 2. Nf3 {[%clk 01:31:07]} {[%emt 00:00:15]} Nf6 {[%clk 01:30:16]}
{[%emt 00:00:14]} 3. Bc4 {[%clk 01:25:32]} {[%emt 00:06:05]} Nxe4 {[%clk
01:29:46]} {[%emt 00:01:00]} 4. Nc3 {[%clk 01:25:55]} {[%emt 00:00:08]} Nxc3
{[%clk 01:30:09]} {[%emt 00:00:07]} 5. dxc3 {[%clk 01:26:17]} {[%emt 00:00:08]}
f6 {[%clk 01:30:34]} {[%emt 00:00:04]} 6. Nh4 {[%clk 01:23:16]} {[%emt
00:03:31]} g6 {[%clk 01:28:06]} {[%emt 00:02:58]} 7. f4 {[%clk 01:20:35]}
{[%emt 00:03:11]} Qe7 {[%clk 01:28:31]} {[%emt 00:00:05]} 8. f5 {[%clk
01:20:59]} {[%emt 00:00:06]} Qg7 {[%clk 01:25:06]} {[%emt 00:03:55]} 9. O-O
{[%clk 01:19:27]} {[%emt 00:02:02]} Nc6 {[%clk 01:22:33]} {[%emt 00:03:02]} 10.
Kh1 {[%clk 01:13:56]} {[%emt 00:06:01]} Ne7 {[%clk 01:12:33]} {[%emt 00:10:30]}
11. Qf3 {[%clk 01:06:55]} {[%emt 00:07:31]} Nxf5 {[%clk 00:59:47]} {[%emt
00:13:15]} 12. Nxf5 {[%clk 01:06:56]} {[%emt 00:00:28]} gxf5 {[%clk 01:00:12]}
{[%emt 00:00:07]} 13. Qxf5 {[%clk 01:06:46]} {[%emt 00:00:40]} d5 {[%clk
00:54:46]} {[%emt 00:05:56]} 14. Qh5+ {[%clk 01:07:09]} {[%emt 00:00:08]} Qg6
{[%clk 00:55:11]} {[%emt 00:00:05]} 15. Qxg6+ {[%clk 01:07:24]} {[%emt
00:00:15]} hxg6 {[%clk 00:55:30]} {[%emt 00:00:11]} 16. Bxd5 {[%clk 01:07:47]}
{[%emt 00:00:07]} c6 {[%clk 00:52:17]} {[%emt 00:03:42]} 17. Bc4 {[%clk
01:04:15]} {[%emt 00:04:03]} Ke7 {[%clk 00:50:09]} {[%emt 00:02:36]} 18. Be3
{[%clk 00:52:45]} {[%emt 00:12:01]} Be6 {[%clk 00:49:26]} {[%emt 00:01:13]} 19.
Bd3 {[%clk 00:52:32]} {[%emt 00:00:44]} Kf7 {[%clk 00:43:37]} {[%emt 00:06:18]}
20. c4 {[%clk 00:50:07]} {[%emt 00:02:56]} Be7 {[%clk 00:41:02]} {[%emt
00:03:05]} 21. Rae1 {[%clk 00:49:12]} {[%emt 00:01:24]} Kg7 {[%clk 00:38:41]}
{[%emt 00:02:51]} 22. a3 {[%clk 00:44:14]} {[%emt 00:05:30]} Bd6 {[%clk
00:31:53]} {[%emt 00:07:17]} 23. c5 {[%clk 00:40:23]} {[%emt 00:04:21]} Bc7
{[%clk 00:32:08]} {[%emt 00:00:13]} 24. Bf4 {[%clk 00:33:05]} {[%emt 00:07:49]}
Rae8 {[%clk 00:25:07]} {[%emt 00:07:32]} 25. Bg3 {[%clk 00:33:22]} {[%emt
00:00:13]} Bc8 {[%clk 00:21:06]} {[%emt 00:04:30]} 26. Kg1 {[%clk 00:24:52]}
{[%emt 00:09:00]} f5 {[%clk 00:21:20]} {[%emt 00:00:16]} 27. Re2 {[%clk
00:24:05]} {[%emt 00:01:17]} Kf6 {[%clk 00:20:20]} {[%emt 00:01:30]} 28. Be1
{[%clk 00:22:17]} {[%emt 00:02:18]} Re7 {[%clk 00:17:32]} {[%emt 00:03:18]} 29.
Bc3 {[%clk 00:22:21]} {[%emt 00:00:27]} Kf7 {[%clk 00:15:51]} {[%emt 00:02:11]}
30. g4 {[%clk 00:19:56]} {[%emt 00:02:55]} Rg8 {[%clk 00:16:08]} {[%emt
00:00:12]} 31. Bc4+ {[%clk 00:20:12]} {[%emt 00:00:14]} Be6 {[%clk 00:16:26]}
{[%emt 00:00:11]} 32. Bd3 {[%clk 00:19:33]} {[%emt 00:01:10]} Bd5 {[%clk
00:15:59]} {[%emt 00:00:57]} 33. Re3 {[%clk 00:16:05]} {[%emt 00:03:58]} e4
{[%clk 00:14:23]} {[%emt 00:02:06]} 34. Be2 {[%clk 00:15:43]} {[%emt 00:00:52]}
Ke6 {[%clk 00:10:44]} {[%emt 00:04:09]} 35. Rh3 {[%clk 00:15:34]} {[%emt
00:00:38]} f4 {[%clk 00:09:42]} {[%emt 00:01:32]} 36. Re1 {[%clk 00:15:31]}
{[%emt 00:00:33]} Be5 {[%clk 00:09:01]} {[%emt 00:01:11]} 37. g5 {[%clk
00:13:56]} {[%emt 00:02:06]} Kf5 {[%clk 00:08:54]} {[%emt 00:00:36]} 38. Bxe5
{[%clk 00:14:14]} {[%emt 00:00:13]} Rxe5 {[%clk 00:08:57]} {[%emt 00:00:26]} 39.
c4 {[%clk 00:14:39]} {[%emt 00:00:07]} Be6 {[%clk 00:08:38]} {[%emt 00:00:47]}
40. Rh7 {[%clk 00:14:56]} {[%emt 00:00:14]} Kxg5 {[%clk 00:05:45]} {[%emt
00:03:22]} 41. Rxb7 {[%clk 00:14:13]} {[%emt 00:01:15]} Rf8 {[%clk 00:05:59]}
{[%emt 00:00:15]} 42. Rb3 {[%clk 00:11:12]} {[%emt 00:03:31]} Rxc5 {[%clk
00:29:35]} {[%emt 00:07:24]} 43. Rc3 {[%clk 00:41:34]} {[%emt 00:01:09]} Kf6
{[%clk 00:22:49]} {[%emt 00:07:15]} 44. Bf1 {[%clk 00:39:12]} {[%emt 00:02:51]}
Rg5+ {[%clk 00:22:15]} {[%emt 00:01:03]} 45. Kf2 {[%clk 00:39:32]} {[%emt
00:00:11]} e3+ {[%clk 00:21:15]} {[%emt 00:01:29]} 46. Ke2 {[%clk 00:35:50]}
{[%emt 00:04:13]} Rd8 {[%clk 00:21:37]} {[%emt 00:00:09]} 47. h3 {[%clk
00:35:44]} {[%emt 00:00:35]} Rd2+ {[%clk 00:21:35]} {[%emt 00:00:31]} 48. Kf3
{[%clk 00:36:10]} {[%emt 00:00:04]} Rf2+ {[%clk 00:21:08]} {[%emt 00:00:58]} 49.
Ke4 {[%clk 00:36:37]} {[%emt 00:00:03]} Re5+ {[%clk 00:21:29]} {[%emt
00:00:07]}
0-1

[Event "Landsturneringen 2022"]
[Site "Kongsvingerhallen"]
[Date "2022.07.08"]
[Round "2"]
[White "Moen, Andreas G.R."]
[Black "Nilsen, Tobias Lang"]
[Result "1/2-1/2"]
[WhiteElo "2311"]
[BlackElo "2283"]
1. e4 {[%clk 01:29:49]} {[%emt 00:01:11]} e6 {[%clk 01:30:49]} {[%emt
00:00:12]} 2. d4 {[%clk 01:29:50]} {[%emt 00:00:28]} d5 {[%clk 01:31:10]}
{[%emt 00:00:09]} 3. Nd2 {[%clk 01:29:00]} {[%emt 00:01:20]} c5 {[%clk
01:23:51]} {[%emt 00:07:49]} 4. exd5 {[%clk 01:25:23]} {[%emt 00:04:07]} Qxd5
{[%clk 01:23:20]} {[%emt 00:01:02]} 5. dxc5 {[%clk 01:25:09]} {[%emt 00:00:44]}
Bxc5 {[%clk 01:22:41]} {[%emt 00:01:09]} 6. Ngf3 {[%clk 01:25:25]} {[%emt
00:00:13]} Nf6 {[%clk 01:17:07]} {[%emt 00:06:05]} 7. Be2 {[%clk 01:19:32]}
{[%emt 00:06:22]} O-O {[%clk 01:14:36]} {[%emt 00:03:01]} 8. O-O {[%clk
01:19:57]} {[%emt 00:00:05]} Nc6 {[%emt 00:15:59]} 9. c4 {[%clk 01:10:31]} Qd8
{[%clk 01:02:08]} {[%emt 00:07:24]} 10. a3 {[%clk 01:02:09]} {[%emt 00:08:53]}
a5 {[%clk 00:57:55]} {[%emt 00:04:43]} 11. Qc2 {[%clk 00:56:28]} {[%emt
00:06:11]} e5 {[%clk 00:51:01]} {[%emt 00:07:24]} 12. b3 {[%clk 00:33:07]}
{[%emt 00:23:51]} Bg4 {[%clk 00:38:10]} {[%emt 00:13:21]} 13. Bb2 {[%clk
00:33:13]} {[%emt 00:00:24]} Bd4 {[%clk 00:35:42]} {[%emt 00:02:58]} 14. Rad1
{[%clk 00:29:58]} {[%emt 00:03:45]} Bxb2 {[%clk 00:35:40]} {[%emt 00:00:33]} 15.
Qxb2 {[%clk 00:30:23]} {[%emt 00:00:05]} Qc7 {[%clk 00:35:59]} {[%emt
00:00:11]} 16. h3 {[%clk 00:28:39]} {[%emt 00:02:14]} Bh5 {[%clk 00:33:47]}
{[%emt 00:02:43]} 17. Rfe1 {[%clk 00:27:17]} {[%emt 00:01:51]} Rfe8 {[%clk
00:31:46]} {[%emt 00:02:31]} 18. c5 {[%clk 00:21:39]} {[%emt 00:06:09]} Rad8
{[%clk 00:28:31]} {[%emt 00:03:44]} 19. g4 {[%clk 00:15:37]} {[%emt 00:06:32]}
Bg6 {[%clk 00:27:50]} {[%emt 00:01:12]} 20. Nc4 {[%clk 00:15:46]} {[%emt
00:00:21]} e4 {[%clk 00:22:19]} {[%emt 00:06:00]} 21. Nh4 {[%clk 00:16:10]}
{[%emt 00:00:06]} Rxd1 {[%clk 00:12:39]} {[%emt 00:10:11]} 22. Rxd1 {[%clk
00:11:13]} {[%emt 00:05:27]} e3 {[%clk 00:12:51]} {[%emt 00:00:18]} 23. Bf3
{[%clk 00:05:28]} {[%emt 00:06:15]} exf2+ {[%clk 00:11:13]} {[%emt 00:02:08]}
24. Qxf2 {[%clk 00:05:57]} Ne5 {[%clk 00:09:59]} {[%emt 00:01:44]} 25. Nxe5
{[%clk 00:05:09]} {[%emt 00:01:18]} Rxe5 {[%clk 00:10:17]} {[%emt 00:00:11]} 26.
Nxg6 {[%clk 00:05:08]} {[%emt 00:00:31]} hxg6 {[%clk 00:10:39]} {[%emt
00:00:09]} 27. b4 {[%clk 00:05:34]} {[%emt 00:00:04]} Qe7 {[%clk 00:07:43]}
{[%emt 00:03:26]} 28. Kg2 {[%clk 00:05:37]} {[%emt 00:00:25]} Kh7 {[%clk
00:05:51]} {[%emt 00:02:23]} 29. Qh4+ {[%clk 00:06:01]} {[%emt 00:00:06]} Kg8
{[%clk 00:06:13]} {[%emt 00:00:08]} 30. Qf2 {[%clk 00:06:28]} {[%emt 00:00:03]}
Kh7 {[%clk 00:06:18]} {[%emt 00:00:25]} 31. Qh4+ {[%clk 00:05:09]} {[%emt
00:01:49]} Kg8 {[%clk 00:06:40]} {[%emt 00:00:08]} 32. Rd4 {[%clk 00:05:30]}
{[%emt 00:00:09]} Re3 {[%clk 00:05:21]} {[%emt 00:01:50]} 33. Qg3 {[%clk
00:03:30]} {[%emt 00:02:29]} Rxa3 {[%clk 00:05:00]} {[%emt 00:00:51]} 34. Qf2
{[%clk 00:01:35]} {[%emt 00:02:25]} Rc3 {[%clk 00:02:24]} {[%emt 00:03:07]} 35.
bxa5 {[%clk 00:01:29]} {[%emt 00:00:36]} Rxc5 {[%clk 00:02:41]} {[%emt
00:00:13]} 36. Rd8+ {[%clk 00:01:36]} {[%emt 00:00:22]} Qxd8 {[%clk 00:03:00]}
{[%emt 00:00:11]} 37. Qxc5 {[%clk 00:02:02]} {[%emt 00:00:05]} Qd2+ {[%clk
00:02:45]} {[%emt 00:00:45]} 38. Kg3 {[%clk 00:02:20]} {[%emt 00:00:11]} Qe1+
{[%clk 00:02:25]} {[%emt 00:00:52]} 39. Kh2 {[%clk 00:01:16]} {[%emt 00:01:33]}
Ne4 {[%clk 00:01:55]} {[%emt 00:01:00]} 40. Qe5 {[%clk 00:00:33]} {[%emt
00:01:13]} Qf2+ {[%clk 00:01:17]} {[%emt 00:01:08]} 41. Bg2 {[%clk 00:00:45]}
{[%emt 00:00:18]} Nd2 {[%clk 00:01:13]} {[%emt 00:00:35]} 42. Qb8+ {[%clk
00:26:47]} {[%emt 00:04:28]} Kh7 {[%clk 00:31:38]} {[%emt 00:00:05]} 43. Qxb7
{[%clk 00:27:12]} {[%emt 00:00:06]} Nf1+ {[%clk 00:31:52]} {[%emt 00:00:16]} 44.
Kh1 {[%clk 00:27:37]} {[%emt 00:00:04]} Ng3+ {[%clk 00:32:18]} {[%emt
00:00:04]} 45. Kh2 {[%clk 00:28:04]} {[%emt 00:00:04]} Ne2 {[%clk 00:32:42]}
{[%emt 00:00:05]} 46. Qb1 {[%clk 00:28:30]} {[%emt 00:00:04]} Qf4+ {[%clk
00:19:52]} {[%emt 00:13:20]} 47. Kh1 {[%clk 00:28:44]} {[%emt 00:00:15]} Ng3+
{[%clk 00:20:17]} {[%emt 00:00:06]} 48. Kg1 {[%clk 00:24:20]} {[%emt 00:04:54]}
Ne2+ {[%clk 00:19:57]} {[%emt 00:00:51]} 49. Kh1 {[%clk 00:24:44]} {[%emt
00:00:05]} Ng3+ {[%clk 00:20:10]} {[%emt 00:00:16]} 50. Kg1 {[%clk 00:25:10]}
{[%emt 00:00:04]}
1/2-1/2

[Event "Landsturneringen 2022"]
[Site "Kongsvingerhallen"]
[Date "2022.07.08"]
[Round "2"]
[White "Hole, Øystein"]
[Black "Øye-Strømberg, Alexander"]
[Result "0-1"]
[WhiteElo "2282"]
[BlackElo "2304"]
1. Nf3 {[%clk 01:30:56]} {[%emt 00:00:03]} d5 {[%clk 01:30:36]} {[%emt
00:00:24]} 2. d4 {[%clk 01:31:16]} {[%emt 00:00:10]} Nf6 {[%clk 01:30:50]}
{[%emt 00:00:16]} 3. c4 {[%clk 01:31:38]} {[%emt 00:00:08]} e6 {[%clk
01:30:54]} {[%emt 00:00:25]} 4. Nc3 {[%clk 01:31:58]} {[%emt 00:00:10]} Bb4
{[%clk 01:30:40]} {[%emt 00:00:44]} 5. Bg5 {[%clk 01:29:55]} {[%emt 00:02:33]}
h6 {[%clk 01:30:46]} {[%emt 00:00:24]} 6. Bh4 {[%clk 01:30:16]} {[%emt
00:00:08]} dxc4 {[%clk 01:30:22]} {[%emt 00:00:54]} 7. e3 {[%clk 01:13:50]}
{[%emt 00:16:56]} Bxc3+ {[%clk 01:26:09]} {[%emt 00:04:43]} 8. bxc3 {[%clk
01:14:17]} {[%emt 00:00:03]} b5 {[%clk 01:26:13]} {[%emt 00:00:26]} 9. a4
{[%clk 01:12:48]} {[%emt 00:01:59]} c6 {[%clk 01:26:21]} {[%emt 00:00:23]} 10.
Be2 {[%clk 01:10:42]} {[%emt 00:02:36]} Nbd7 {[%clk 01:20:48]} {[%emt
00:06:02]} 11. O-O {[%clk 01:09:30]} {[%emt 00:01:42]} Bb7 {[%clk 01:19:21]}
{[%emt 00:01:58]} 12. Qb1 {[%clk 01:05:45]} {[%emt 00:04:15]} Qb6 {[%clk
01:06:24]} {[%emt 00:13:27]} 13. a5 {[%clk 00:50:36]} {[%emt 00:15:39]} Qc7
{[%clk 00:58:06]} {[%emt 00:08:46]} 14. Bg3 {[%clk 00:47:04]} {[%emt 00:04:03]}
Qc8 {[%clk 00:57:54]} {[%emt 00:00:42]} 15. Bd6 {[%clk 00:39:55]} {[%emt
00:07:39]} a6 {[%clk 00:56:42]} {[%emt 00:01:42]} 16. Ne5 {[%clk 00:35:39]}
{[%emt 00:04:46]} c5 {[%clk 00:51:30]} {[%emt 00:05:43]} 17. f3 {[%clk
00:29:29]} {[%emt 00:06:39]} Nd5 {[%clk 00:23:53]} {[%emt 00:28:07]} 18. Qc1
{[%clk 00:28:36]} {[%emt 00:01:24]} cxd4 {[%clk 00:23:37]} {[%emt 00:00:47]} 19.
cxd4 {[%clk 00:28:20]} {[%emt 00:00:46]} Qd8 {[%clk 00:21:56]} {[%emt
00:02:11]} 20. e4 {[%clk 00:16:47]} {[%emt 00:12:02]} Ne7 {[%clk 00:21:19]}
{[%emt 00:01:07]} 21. Qa3 {[%clk 00:17:10]} {[%emt 00:00:08]} f6 {[%clk
00:07:05]} {[%emt 00:14:43]} 22. Bxe7 {[%clk 00:14:41]} {[%emt 00:02:59]} Qxe7
{[%clk 00:07:33]} {[%emt 00:00:03]} 23. Qxe7+ {[%clk 00:14:54]} {[%emt
00:00:16]} Kxe7 {[%clk 00:07:59]} {[%emt 00:00:04]} 24. Ng6+ {[%clk 00:15:15]}
{[%emt 00:00:09]} Kd6 {[%clk 00:08:18]} {[%emt 00:00:10]} 25. Nxh8 {[%clk
00:15:39]} {[%emt 00:00:06]} Rxh8 {[%clk 00:08:43]} {[%emt 00:00:05]} 26. Kf2
{[%clk 00:15:54]} {[%emt 00:00:15]} Rc8 {[%clk 00:08:10]} {[%emt 00:01:03]} 27.
Ke3 {[%clk 00:15:46]} {[%emt 00:00:38]} Nb8 {[%clk 00:06:09]} {[%emt 00:02:31]}
28. f4 {[%clk 00:12:35]} {[%emt 00:03:41]} Nc6 {[%clk 00:05:14]} {[%emt
00:01:25]} 29. e5+ {[%clk 00:12:12]} {[%emt 00:00:53]} Kc7 {[%clk 00:04:15]}
{[%emt 00:01:29]} 30. Bf3 {[%clk 00:09:18]} {[%emt 00:03:24]} Nb4 {[%clk
00:04:31]} {[%emt 00:00:14]} 31. Rac1 {[%clk 00:08:55]} {[%emt 00:00:53]} f5
{[%clk 00:04:16]} {[%emt 00:00:46]} 32. g4 {[%clk 00:08:50]} {[%emt 00:00:34]}
Bxf3 {[%clk 00:03:51]} {[%emt 00:00:55]} 33. Kxf3 {[%clk 00:08:46]} {[%emt
00:00:34]} Nc6 {[%clk 00:03:48]} {[%emt 00:00:34]} 34. Ke3 {[%clk 00:05:36]}
{[%emt 00:03:40]} Ne7 {[%clk 00:03:15]} {[%emt 00:01:03]} 35. gxf5 {[%clk
00:05:37]} {[%emt 00:00:28]} Nxf5+ {[%clk 00:03:39]} {[%emt 00:00:07]} 36. Ke4
{[%clk 00:05:59]} {[%emt 00:00:08]} Rd8 {[%clk 00:04:03]} {[%emt 00:00:06]} 37.
Rfd1 {[%clk 00:05:47]} {[%emt 00:00:42]} Rd5 {[%clk 00:04:23]} {[%emt
00:00:10]} 38. Rc2 {[%clk 00:04:34]} {[%emt 00:01:43]} Kd7 {[%clk 00:04:20]}
{[%emt 00:00:34]} 39. Rc3 {[%clk 00:03:54]} {[%emt 00:01:10]} Ke7 {[%clk
00:04:23]} {[%emt 00:00:25]} 40. Rc2 {[%clk 00:03:57]} {[%emt 00:00:28]} Kf7
{[%clk 00:04:36]} {[%emt 00:00:18]} 41. Rc3 {[%clk 00:03:37]} {[%emt 00:00:50]}
g6 {[%clk 00:04:34]} {[%emt 00:00:31]} 42. Rc2 {[%clk 00:03:56]} {[%emt
00:00:11]} Ne7 {[%clk 00:03:48]} {[%emt 00:01:16]} 43. Rf2 {[%clk 00:03:24]}
{[%emt 00:01:02]} b4 {[%clk 00:03:09]} {[%emt 00:01:10]} 44. Rc2 {[%clk
00:27:47]} {[%emt 00:06:37]} c3 {[%clk 00:33:21]} {[%emt 00:00:49]} 45. Kd3
{[%clk 00:28:11]} {[%emt 00:00:06]} Rxa5 {[%clk 00:31:51]} {[%emt 00:02:00]} 46.
Kc4 {[%clk 00:23:43]} {[%emt 00:04:58]} Nd5 {[%clk 00:31:22]} {[%emt 00:00:58]}
47. Re2 {[%clk 00:24:03]} {[%emt 00:00:10]} Ra3 {[%clk 00:30:15]} {[%emt
00:01:36]} 48. Rc1 {[%clk 00:23:37]} {[%emt 00:00:57]} b3 {[%clk 00:29:29]}
{[%emt 00:01:16]} 49. Rxc3 {[%clk 00:23:47]} {[%emt 00:00:20]} b2 {[%clk
00:29:42]} {[%emt 00:00:17]} 50. Rxb2 {[%clk 00:22:52]} {[%emt 00:01:25]} Rxc3#
{[%clk 00:30:08]} {[%emt 00:00:05]}
0-1